00585nam a2200181Ia 4500008004000000082001300040100001600053245006300069250000500132260006700137300000800204440000600212650002700218690001800245906001100263999001700274952011200291210210b1993 xxu||||| |||| 00| 0 eng d a030 GREA aGreat books aGreat books of western world.60V. V5-Herodotus Thucydides. a aChicago.bEncyclopaedia Britanica, Inc, William Benton.,c1993 a616 a5 aHerodotus Thucydides  aEncyclopaedia a049144 c98302d98302 001040738GeneralaALbALcRSd2021-02-17g0.00l0o030 GREAp049144r2021-02-17 00:00:00w2021-02-17yBK